Encountering darkness (Record no. 41806)

MARC details
000 -LEADER
fixed length control field 00668nam a2200193 a 4500
008 - FIXED-LENGTH DATA ELEMENTS--GENERAL INFORMATION
fixed length control field 120416s1973 ||||||||||||||||| || u
020 ## - INTERNATIONAL STANDARD BOOK NUMBER
International Standard Book Number 0002152053
050 ## - LIBRARY OF CONGRESS CALL NUMBER
Classification number BX 5700.6 Ffr
100 ## - MAIN ENTRY--PERSONAL NAME
Personal name Ffrench-Beytagh, Gonville
245 10 - TITLE STATEMENT
Title Encountering darkness
246 ## - VARYING FORM OF TITLE
Title proper/short title Gonville
260 ## - PUBLICATION, DISTRIBUTION, ETC.
Place of publication, distribution, etc. London :
Name of publisher, distributor, etc. Collins
Date of publication, distribution, etc. 1973.
300 ## - PHYSICAL DESCRIPTION
Extent 283p.
350 ## - PRICE (NR) (BK AM CF MU VM SE) [OBSOLETE]
Price 0.00
650 ## - SUBJECT ADDED ENTRY--TOPICAL TERM
Topical term or geographic name entry element Ffrench-Beytagh, Gonville
650 #0 - SUBJECT ADDED ENTRY--TOPICAL TERM
Topical term or geographic name entry element SOUTH AFRICA--RACE RELATIONS
650 ## - SUBJECT ADDED ENTRY--TOPICAL TERM
Topical term or geographic name entry element Race relations - Religious aspects
995 ## - RECOMMENDATION 995 [LOCAL, UNIMARC FRANCE]
-- 0.00
-- CBU-MAIN LIBRARY (Kitwe)
-- 1
-- 12.50
-- AVAILABLE
-- Jun 12, 2006
-- Main Library Open Access Collection
Holdings
Withdrawn status Lost status Source of classification or shelving scheme Damaged status Not for loan Home library Current library Shelving location Date acquired Total Checkouts Full call number Barcode Date last seen Price effective from Koha item type
          CBU-MAIN LIBRARY, KITWE. CBU-MAIN LIBRARY, KITWE.   11/30/2022   BX 5700.6 Ffr 001457 11/30/2022 11/30/2022 MONOGRAPH